000
00306nam a22001457a 4500
008
221011b ||||| |||| 00| 0 eng d
020
_a
207856 2 00
041
_a
eng
080
_a
61
082
_a
61
100
_a
5
101
_a
mjek
245
_a
CRITICAL CARE MEDICINE
_c
KLUWER W
942
_2
udc
_c
BK
999
_c
58466
_d
58466